| 000 | 02093nam a2200397 i 4500 | ||
|---|---|---|---|
| 001 | ebr10901931 | ||
| 003 | CaPaEBR | ||
| 006 | m o d | ||
| 007 | cr cn||||||||| | ||
| 008 | 080211t20082008iluab ob 001 0 eng|d | ||
| 020 | _z9780252033575 (hdbk. : alk. paper) | ||
| 020 | _z0252033574 (hdbk. : alk. paper) | ||
| 020 | _a9780252095504 (e-book) | ||
| 040 |
_aCaPaEBR _beng _erda _epn _cCaPaEBR |
||
| 035 | _a(OCoLC)891394447 | ||
| 043 | _an-us-il | ||
| 050 | 1 | 4 |
_aT501.B1 _bG356 2008eb |
| 082 | 0 | 4 |
_a907.4/77311 _222 |
| 100 | 1 |
_aGanz, Cheryl, _eauthor. |
|
| 245 | 1 | 4 |
_aThe 1933 Chicago World's Fair : _bcentury of progress / _cCheryl R. Ganz. |
| 264 | 1 |
_aUrbana : _bUniversity of Illinois Press, _c[2008] |
|
| 264 | 4 | _c�2008 | |
| 300 |
_a1 online resource (270 pages) : _billustrations (some color), map |
||
| 336 |
_atext _2rdacontent |
||
| 337 |
_acomputer _2rdamedia |
||
| 338 |
_aonline resource _2rdacarrier |
||
| 504 | _aIncludes bibliographical references (pages [159]-198) and index. | ||
| 505 | 0 | _aSally Rand and the midway -- Chicago boosters set the stage -- A new vision for a world's fair -- The vision on display -- Women's spaces at the fair -- African Americans and the Du Sable legacy -- Ethnic identity and nationalistic representations of progress -- Aviation as a nationalism, and progress. | |
| 588 | _aDescription based on print version record. | ||
| 590 | _aElectronic reproduction. Palo Alto, Calif. : ebrary, 2014. Available via World Wide Web. Access may be limited to ebrary affiliated libraries. | ||
| 611 | 2 | 0 |
_aCentury of Progress International Exposition _d(1933-1934 : _cChicago, Ill.) _xHistory. |
| 655 | 0 | _aElectronic books. | |
| 776 | 0 | 8 |
_iPrint version: _aGanz, Cheryl. _t1933 Chicago World's Fair : century of progress. _dUrbana : University of Illinois Press, [2008] _hxi, 206 pages, 46 unnumbered pages of plates ; 26 cm _z9780252033575 _w(OCoLC)ocn192109702 _w(DLC)10901931 |
| 797 | 2 | _aebrary. | |
| 856 | 4 | 0 |
_uhttp://site.ebrary.com/lib/rucke/Doc?id=10901931 _zAn electronic book accessible through the World Wide Web; click to view |
| 999 |
_c56432 _d56432 |
||